Statistiques concernant Capitales mondiales par la proximité dans 15 secondes

Cliquez ici pour prendre le quiz!

Statistiques générales

  • Ce quiz a été pris 45 fois
  • Le résultat moyen est 36 sur 196

Statistiques - réponses

Capital % Correct
Berlin
100%
Amsterdam
100%
Saint-Marin
94%
Berne
94%
Monaco
94%
Londres
94%
Bruxelles
94%
Prague
94%
Andorre-la-Vieille
94%
Vaduz
94%
Luxembourg
94%
Ljubljana
94%
Paris
94%
Dublin
81%
Bratislava
69%
Vienne
69%
Zagreb
63%
Budapest
63%
Sarajevo
56%
Vatican
50%
Belgrade
50%
Sofia
50%
Rome
50%
Podgorica
50%
Pristina
50%
Tirana
50%
Skopje
50%
Copenhague
44%
La Valette
44%
Alger
44%
Helsinki
38%
Riga
38%
Tallinn
38%
Vilnius
38%
Séoul
31%
Moscou
31%
Oslo
31%
Varsovie
31%
Tunis
31%
Minsk
31%
Pékin
31%
Chișinău
31%
Bucarest
31%
Pyongyang
31%
Stockholm
31%
Kiev
31%
Yamoussoukro
25%
Ottawa
25%
Washington
25%
Athènes
25%
Freetown
19%
Monrovia
19%
Brasilia
19%
Tokyo
19%
Bamako
19%
Hanoï
19%
Bangkok
19%
Naypyidaw
19%
Ankara
19%
Bissau
19%
Vientiane
19%
Conakry
19%
Ouagadougou
19%
Nicosie
19%
Accra
13%
La Havane
13%
Lomé
13%
Bagdad
13%
Porto-Novo
13%
Rabat
13%
Phnom Penh
13%
Niamey
13%
Koweït
13%
Mexico
13%
Singapour
13%
Port-au-Prince
13%
Nassau
13%
Madrid
13%
Lisbonne
13%
Jakarta
13%
Banjul
13%
Kingston
13%
Erevan
13%
Saint John's
6%
San José
6%
Basseterre
6%
Djibouti
6%
Nouakchott
6%
Doha
6%
Kuala Lumpur
6%
Kinshasa
6%
Asmara
6%
Sanaa
6%
Port-d'Espagne
6%
Tripoli
6%
Saint George's
6%
Damas
6%
Castries
6%
Amman
6%
Caracas
6%
Addis-Abeba
6%
Achgabat
6%
Riyad
6%
Panama
6%
Dakar
6%
Dacca
6%
Roseau
6%
Beyrouth
6%
Bogotá
6%
Wellington
6%
Bakou
6%
Katmandou
6%
Luanda
6%
Brazzaville
6%
Jérusalem
6%
Khartoum
6%
Praia
6%
Abuja
6%
Le Caire
6%
Libreville
6%
Lima
6%
Kingstown
6%
Abou Dabi
6%
Yaoundé
6%
Sao Tomé
6%
Saint-Domingue
6%
Georgetown
6%
Thimphou
6%
Mascate
6%
Bridgetown
6%
Tbilissi
6%
Managua
6%
Manama
6%
Téhéran
6%
Victoria
0%
Reykjavik
0%
Quito
0%
San Salvador
0%
Taipei
0%
Suva
0%
Windhoek
0%
Tarawa
0%
Tegucigalpa
0%
Tachkent
0%
Santiago
0%
Yaren
0%
Majuro
0%
Douchanbé
0%
Funafuti
0%
Dodoma
0%
Djouba
0%
Dili
0%
Gaborone
0%
Guatemala
0%
Kaboul
0%
Islamabad
0%
Honiara
0%
Harare
0%
Colombo
0%
Canberra
0%
Asunción
0%
Astana
0%
Apia
0%
Antananarivo
0%
Bandar Seri
Begawan
0%
Bangui
0%
Bujumbura
0%
Buenos Aires
0%
Bichkek
0%
Belmopan
0%
Kampala
0%
Kigali
0%
New Delhi
0%
Nukuʻalofa
0%
Ndjamena
0%
Nairobi
0%
Moroni
0%
Oulan-Bator
0%
Palikir
0%
Port-Vila
0%
Port Moresby
0%
Port-Louis
0%
Paramaribo
0%
Montevideo
0%
Mogadiscio
0%
Malabo
0%
Lusaka
0%
Lilongwe
0%
La Paz
0%
Malé
0%
Manille
0%
Melekeok
0%
Mbabane
0%
Maseru
0%
Maputo
0%
Pretoria
0%

Distribution des résultats

Percentile by Number Answered

% des personnes avec chaque résultat

Votre développement - résultats

Vous n’avez pas pris ce quiz